| 000 | 00654nam a2200217Ia 4500 | ||
|---|---|---|---|
| 005 | 20241129110048.0 | ||
| 008 | 241129s9999||||xx |||||||||||||| ||und|| | ||
| 020 | _a978-0-19-762766-2 | ||
| 037 | _aTB | ||
| 040 |
_aARTS _beng _cARTS |
||
| 041 |
_aeng _2eng |
||
| 084 |
_aV41 R3 _qARTS |
||
| 100 |
_aWallace Jeremy L. Au. _9727073 |
||
| 245 | 0 |
_aSeeking truth and hiding facts: information, ideology, and authoritarianism in China _cWallace Jeremy L. Au. |
|
| 260 |
_aOxford, USA _bOxford University Press _c2022 |
||
| 300 | _ax,273p. | ||
| 365 |
_aINR _b995 |
||
| 650 | _aHistory-China | ||
| 942 |
_cTB _hV41 R3 |
||
| 999 |
_c1227164 _d1227164 |
||